The third secret: a novel

Guardat en:
Dades bibliogràfiques
Autor principal: BERRY, Steve
Format: Llibre
Idioma:anglès
Publicat: Ballantine Books 2005
Etiquetes: Afegir etiqueta
Sense etiquetes, Sigues el primer a etiquetar aquest registre!

MARC

LEADER 00000nam a22000007a 4500
008 201218b ||||| |||| 00| 0 eng d
020 |a 978-0-345-47614-2 
100 |a BERRY, Steve 
245 |a The third secret: a novel  |c Steve Berry  |g 376p. 
260 |b Ballantine Books  |c  2005  |h New York  |i 687492  |l PS3602 .E764B45  |m Cardinals – Fiction.  |m Popes – Election - Fiction.  |m Fatima, Our Lady of – Fiction  |m Mary, Blessed Virgin, Saint - Apparitions and miracles - Fiction  |m Catholics – Fiction. 
942 |a lcc  |c BK  |e Kuteyi, M. A.  |f 18/12/2020 
952 |0 0  |1 0  |2 lcc  |4 0  |6 PS3602 E764 B45  |7 0  |9 754  |a HOL  |b HOL  |c LP  |d 2020-12-18  |l 0  |o PS3602 .E764B45  |p 2020-229970  |r 2020-12-18 00:00:00  |w 2020-12-18  |y BK 
999 |c 426  |d 426